Quick Pick: 'Man' and 'Woman' Songs Quiz Stats

 Plays Quiz not verified by Sporcle

Challenge
Share
Tweet
Embed
Score 0/8 Timer 01:00
2 Plays Today
% Correct
Billy Joel
95.7%
Aretha Franklin
95.3%
Michael Jackson
94.3%
Bob Marley
89.6%
The Guess Who
81.5%
Bruno Mars
76.3%
Prince
72.5%
Ariana Grande
69.7%

You're not logged in!

Compare scores with friends on all Sporcle quizzes.
Join for Free
OR
Log In

You Might Also Like...

Show Comments

Extras

Top Quizzes Today


Score Distribution

Your Account Isn't Verified!

In order to create a playlist on Sporcle, you need to verify the email address you used during registration. Go to your Sporcle Settings to finish the process.

Report this User

Report this user for behavior that violates our Community Guidelines.

Details: